|
|
|
|
| LEADER |
01103cam a2200277 a 4500 |
| 001 |
c000292764 |
| 003 |
CARM |
| 005 |
20090622135914.0 |
| 008 |
931103s1993 vraa b 000 0 eng d |
| 019 |
1 |
|
|a 10494928
|5 LACONCORD2021
|
| 020 |
|
|
|a 1864010134
|
| 035 |
|
|
|a (OCoLC)152430444
|5 LACONCORD2021
|
| 040 |
|
|
|a NNCU:A
|b eng
|c NNCU:A
|d SUSA
|
| 042 |
|
|
|a anuc
|
| 082 |
0 |
4 |
|a 371.953
|2 20
|
| 100 |
1 |
|
|a Reis, Sally M.
|
| 245 |
1 |
0 |
|a Curriculum compacting :
|b the complete guide to modifying the regular curriculum for high ability students /
|c Sally M. Reis, Deborah E. Burns, Joseph S. Renzulli.
|
| 260 |
|
|
|a Cheltenham, Vic. :
|b Hawker Brownlow Education,
|c c1993.
|
| 300 |
|
|
|a iv, 170 p. :
|b ill. ;
|c 30 cm.
|
| 500 |
|
|
|a Bibliography: p. 165-170.
|
| 650 |
|
0 |
|a Gifted children
|x Education
|x Curricula.
|
| 700 |
1 |
|
|a Renzulli, Joseph S.
|
| 700 |
1 |
|
|a Burns, Deborah E.
|
| 852 |
8 |
|
|b CARM
|h A3:AF26E0
|i F06807
|p 0529772
|f BK
|
| 999 |
f |
f |
|i baf66d62-475d-50e1-8980-02504124de43
|s b72c12dc-eca1-528f-8df9-855c4148b97b
|
| 952 |
f |
f |
|p Can circulate
|a CAVAL
|b CAVAL
|c CAVAL
|d CARM 1 Store
|e F06807
|f A3:AF26E0
|h Other scheme
|i book
|m 0529772
|